00601nam a2200205 a 4500001001300000003000900013005001700022008004100039020002300080082001300103100002000116245008100136260004500217300000900262500003500271505003600306650001600342650001700358700002000375nice12345678IN_TiNIC20260116013332.0050524s1993 dela grp 000 0 eng  a8185618 c32500a133bVIT aVitebsky, Piers aDialogues With the Deadb the Discussion of Moratality Among the Sora of Eas aDelhibCambridge University Press c1993 a294p aincludes index and biblioraphy2 aNotes, List of Reference, Index aPara-Normal aIndia-Tribes1 aVitebsky, Piers